Countries with the Most Kids (per Capita) - Statistics

General Stats
  • This quiz has been taken 18 times
  • The average score is 10 of 16
Answer Stats
% Country % Correct
46% Niger
100%
45% Democratic Republic of the Congo
82%
46% Chad
76%
46% Mali
76%
46% Somalia
76%
44% Burundi
59%
49% Central African Republic
59%
44% Mozambique
59%
43% Angola
53%
42% Burkina Faso
53%
42% Tanzania
53%
41% Zambia
53%
43% Mauritania
47%
43% Uganda
47%
43% Afghanistan
35%
42% Malawi
29%
No matching quizzes found
Score Distribution
Percent of People with Each Score
Percentile by Number Answered
Your Score History
You have not taken this quiz